Introduction to embedded systems/ (Record no. 137947)
[ view plain ]
| 000 -LEADER | |
|---|---|
| fixed length control field | 00747nam a22002177a 4500 |
| 005 - DATE AND TIME OF LATEST TRANSACTION | |
| control field | 20170303152242.0 |
| 010 ## - LCCN (DPL NO) | |
| LC control number | ENG-117385 |
| 020 ## - INTERNATIONAL STANDARD BOOK NUMBER | |
| International Standard Book Number | 978939219680 |
| Terms of availability | 615.00 |
| 020 ## - INTERNATIONAL STANDARD BOOK NUMBER | |
| International Standard Book Number | 9339219686 |
| Terms of availability | 615.00 |
| 035 ## - SYSTEM CONTROL NUMBER | |
| System control number | EN-100917 |
| 037 ## - SOURCE OF ACQUISITION | |
| Source of stock number/acquisition | DBAD/PUB |
| 082 ## - DEWEY DECIMAL CLASSIFICATION NUMBER | |
| Classification number | 004.21 |
| 100 ## - MAIN ENTRY--PERSONAL NAME | |
| Personal name | Vallathai, Shibu Kizhakke |
| 245 ## - TITLE STATEMENT | |
| Title | Introduction to embedded systems/ |
| Statement of responsibility, etc | by Shibu Kizhakke Vallathai |
| 250 ## - EDITION STATEMENT | |
| Edition statement | 2nd ed. |
| 260 ## - PUBLICATION, DISTRIBUTION, ETC. (IMPRINT) | |
| Place of publication, distribution, etc | Chennai |
| Name of publisher, distributor, etc | McGraw Hill Education Private Limited |
| Date of publication, distribution, etc | 2017 |
| 270 ## - ADDRESS | |
| Address | 444/1, Sri Ekambara Naicker Industrial Estate, Alapakkam,Porur |
| City | Chennai (Tamilnadu) |
| Postal code | 600116 |
| 300 ## - PHYSICAL DESCRIPTION | |
| Extent | xvii,735p. : |
| Dimensions | 24cm (pbk) |
| Other physical details | ill |
| 500 ## - GENERAL NOTE | |
| General note | Includes bibliographical references and index |
| 942 ## - ADDED ENTRY ELEMENTS (KOHA) | |
| Source of classification or shelving scheme | Dewey Decimal Classification |
| Item type | English Books |
| Classification part | 004.21 |
| Call number suffix | VAL |
| Withdrawn status | Lost status | Not for loan | Collection code | Home library | Current library | Date acquired | Source of acquisition | Cost, normal purchase price | Full call number | Barcode | Copy number | Cost, replacement price | Koha item type |
|---|---|---|---|---|---|---|---|---|---|---|---|---|---|
| Non-fiction | Patel Nagar | Patel Nagar | 02/03/2017 | DBAD/PUB | 615.00 | 004.21 VAL | EN-100917 | 1 | 615.00 | English Books |
